Generačné rozdiely v krátkodobých finančných rozhodnutiach bakalárska práca

Guardado en:
Detalles Bibliográficos
Autor principal: Maňková, Markéta Medea
Autor Corporativo: Národohospodárska fakulta EU. Katedra financií
Otros Autores: Péliová, Jana, 1976-
Formato: Libro
Lenguaje:eslovaco
Publicado: Bratislava 2022
Etiquetas: Agregar Etiqueta
Sin Etiquetas, Sea el primero en etiquetar este registro!

MARC

LEADER 00000nbm a2200000 4500
001 0284995
005 20221021084908.8
041 0 |a slo 
044 |a SK 
245 1 0 |a Generačné rozdiely v krátkodobých finančných rozhodnutiach  |b bakalárska práca  |c Markéta Medea Maňková ; školiteľ: Jana Péliová 
264 1 |a Bratislava  |c 2022 
300 |a 50 s. 
100 1 |a Maňková, Markéta Medea 
700 1 |a Péliová, Jana, 1976- 
710 2 |a Národohospodárska fakulta EU. Katedra financií